000 00884nam a2200229Ii 4500
003 JO-AjNU
008 230605s9999||||xx |||||||||||||| ||und||
017 _a2013/4/1268
020 _a978-9957-83-231-5
040 _aJO-AjNU
_bara
_erda
_cJO-AjNU
041 _aara
050 1 4 _aG155.A1.S92 2016
100 3 _aتاليف درادكة، حمزه عبد الحليم... وآخرون,
_eauthor
_951147
245 0 0 _aمبادئ السياحة = PRINCIPLE TOURISM
250 _aج1(الطبعة العربية)
264 3 1 _aعمان: دار الاعصار العلمي: مكتبة المجتمع العربي، 2016
300 _a370ص
_bيشتمل على ببيلوغرافيا من ص ( 367-370)
336 _atext
_btxt
_2rdacontent
337 _aunmediated
_bn
_2rdamedia
338 _avolume
_bnc
_2rdacarrier
650 4 _aالسياحة - جوانب اقتصادية
_951148
999 _aA22574
_c26142
_d26142